| 000 | 00329cam a2200133ua 4500 | ||
|---|---|---|---|
| 020 | _a8121402301 | ||
| 082 |
_a338.954 _bAGR/IN |
||
| 100 |
_aAgarwal, A.N . _91600 |
||
| 100 |
_aGupta, R.C . _91601 |
||
| 100 |
_aVarma, H.O _91602 |
||
| 245 | 0 | 0 | _aIndia Economics Information Year Book, 1988-89/ |
| 300 | _a293 ; . | ||
| 942 | _cREF | ||
| 999 |
_c8525 _d8525 |
||